[Event "Tourn. n9586"]
[Site "www.chess-mail.com"]
[Date "2018.01.05"]
[Round "1"]
[White "Nulladies"]
[Black "Ditto"]
[WhiteElo "1920"]
[BlackElo "1850"]
[Result "1-0"]
[Round "1"]
1.d4 d5
2.Bc1f4 Ng8f6
3.e3 Bc8g4
4.Bf1e2 Bg4f5
5.Ng1f3 Bf5e4
6.Nb1d2 e6
7.O-O Bf8d6
8.Nf3e5 Nb8d7
9.Nd2xe4 Nf6xe4
10.f3 Ne4f6
11.c3 O-O
12.Be2d3 Nf6h5
13.Qd1c2 Nh5xf4
14.exf4 Nd7f6
15.g4 Nf6e8
16.Bd3xh7 Kh8
17.Bh7d3 Qd8h4
18.Qc2b3 Ra8b8
19.a4 Bd6xe5
20.fxe5 g6
21.Qb3d1 Kg7
22.Qd1e1 Qh4h3
23.Rf1f2 Rf8h8
24.Bd3f1 Qh3h4
25.Rf2g2 Qh4g5
26.Ra1d1 a6
27.Qe1d2 Qg5e7
28.f4 Kf8
29.g5 Ne8g7
30.Bf1e2 Ng7f5
31.c4 c6
32.c5 Qe7c7
33.a5 Ke7
34.Be2g4 Rh8h4
35.h3 Rh4h8
36.Rg2h2 Nf5g3
37.Bg4f3 Ng3f5
38.Kf2 Qc7d8
39.Bf3g4  { time }
1-0

[Event "Tourn. n9605"]
[Site "www.chess-mail.com"]
[Date "2018.01.05"]
[Round "1"]
[White "Sorim"]
[Black "Hundegana"]
[WhiteElo "2070"]
[BlackElo "2060"]
[Result "1-0"]
[Round "1"]
1.d4 f5
2.Bc1f4 d6
3.Ng1f3 Ng8f6
4.e3 c6
5.Bf1c4 d5
6.Bc4b3 b5
7.O-O h6
8.a4 b4
9.a5 e6
10.Nf3e5 Bc8b7
11.c4 Nb8d7
12.a6 Bb7c8
13.Bb3a4 Nd7xe5
14.dxe5 Nf6d7
15.Ba4xc6 Ra8b8
16.Qd1h5 Ke7
17.cxd5 exd5
18.Bc6xd5 Qd8e8
19.Qh5h4 g5
20.Bf4xg5 hxg5
21.Qh4xg5 Nd7f6
22.Qg5xf6 Kd7
23.Bd5c6 Kc7
24.Bc6xe8 Bc8d7
25.Rf1c1 Bd7c6
26.Rc1xc6 
1-0

[Event "Tourn. n9600"]
[Site "www.chess-mail.com"]
[Date "2018.01.05"]
[Round "1"]
[White "Coolant"]
[Black "Szustan"]
[WhiteElo "2360"]
[BlackElo "2510"]
[Result "0-1"]
[Round "1"]
1.c4 e5
2.Nb1c3 Ng8f6
3.Ng1f3 Nb8c6
4.d4 exd4
5.Nf3xd4 Bf8b4
6.Bc1g5 h6
7.Bg5h4 Bb4xc3
8.bxc3 Nc6e5
9.f4 Ne5g6
10.Bh4xf6 Qd8xf6
11.g3 O-O
12.Qd1d2 Rf8e8
13.Bf1g2 Qf6a6
14.Nd4b5 Qa6b6
15.Qd2d4 Qb6a5
16.Qd4d3 d6
17.O-O Ng6f8
18.Nb5d4 Nf8d7
19.e4 Nd7c5
20.Nd4b3 Nc5xd3
21.Nb3xa5 Nd3c5
22.Rf1e1 Bc8d7
23.Na5b3 Nc5a4
24.Re1e3 b6
25.e5 Ra8d8
26.Nb3d4 dxe5
27.fxe5 Na4b2
28.Bg2d5 c6
29.Ra1b1 cxd5
30.Rb1xb2 dxc4
31.Kf2 Rd8c8
32.Rb2b4 Rc8c5
33.a4 Rc5xe5
34.Re3xe5 Re8xe5
35.Rb4xc4 Re5a5
36.Nd4b5 Bd7xb5
37.axb5 Ra5xb5
38.Rc4c8 Kh7
39.Rc8c7 a5
40.Rc7xf7 a4
41.Rf7a7 Rb5a5
42.Ra7d7 a3
43.Rd7d1 a2
44.Rd1a1 Kg6
{ resign }
0-1

[Event "Tourn. n9607"]
[Site "www.chess-mail.com"]
[Date "2018.01.05"]
[Round "1"]
[White "Dussek"]
[Black "Cal"]
[WhiteElo "1850"]
[BlackElo "1670"]
[Result "1-0"]
[Round "1"]
1.e4 e5
2.Ng1f3 d6
3.Bf1c4 h6
4.Nb1c3 a6
5.h3 Ng8f6
6.d3 Nb8c6
7.Bc1e3 Bc8e6
8.Bc4xe6 fxe6
9.Nf3h4 Nc6e7
10.Nc3e2 d5
11.Ne2g3 d4
12.Be3d2 g5
13.Nh4f3 Qd8d7
14.Nf3xe5 Qd7d6
15.Ne5c4 Qd6c6
16.Bd2b4 b6
17.Nc4e5 Qc6b5
18.Bb4xe7 Bf8xe7
19.Ne5c4 h5
20.a4 Qb5b4
21.Kf1 Kf7
22.b3 h4
23.Ng3e2 Qb4c5
24.Qd1d2 Nf6h5
25.Ra1b1 Ra8f8
26.b4 Qc5c6
27.Nc4e5 Kg7
28.Ne5xc6 Be7d8
29.Nc6xd8 Rf8xd8
30.Qd2xg5 Kf7
31.Ne2f4 Rd8g8
32.Qg5e5 Nh5xf4
33.Qe5xf4 Ke8
34.Qf4xc7 Rg8f8
35.Qc7c8 Kf7
36.Qc8c7 Kg6
37.Qc7xb6 Rf8f6
38.Qb6xd4 Rh8f8
39.f3 Rf6f4
40.Ke2 Rf4f7
41.Rh1f1 Rf7f4
42.Qd4d6 Rf8f6
43.Qd6xa6 e5
44.Qa6b5 Kg5
45.Qb5xe5 Kg6
46.b5 { resign }
1-0

[Event "Tourn. n9502"]
[Site "www.chess-mail.com"]
[Date "2018.01.05"]
[Round "1"]
[White "Sachpat"]
[Black "Szustan"]
[WhiteElo "2800"]
[BlackElo "2530"]
[Result "1-0"]
[Round "1"]
1.d4 d5
2.c4 dxc4
3.e4 e5
4.Ng1f3 exd4
5.Bf1xc4 Bf8b4
6.Nb1d2 Nb8c6
7.O-O Ng8f6
8.e5 Nf6d5
9.Nd2b3 Nd5b6
10.Bc4b5 O-O
11.Bb5xc6 bxc6
12.Bc1g5 Qd8d7
13.a3 Bb4e7
14.Bg5xe7 Qd7xe7
15.Qd1xd4 Bc8e6
16.Nb3a5 Be6d5
17.Ra1c1 Bd5xf3
18.gxf3 Qe7g5
19.Kh1 f6
20.Qd4g4 Ra8e8
21.Na5xc6 Qg5xg4
22.fxg4 fxe5
23.Nc6xa7 Nb6d5
24.Na7c6 e4
25.Nc6d4 Rf8f4
26.Nd4e2 Rf4xg4
27.Rc1c5 Rg4g5
28.Rf1e1 h6
29.Ne2g3 Nd5f6
30.Rc5xc7 Re8d8
31.b4 Rd8d2
32.Re1e2 Rd2d1
33.Kg2 Kh7
34.Rc7c5 Rg5xc5
35.bxc5 Nf6d5
36.Re2xe4 Rd1c1
37.Re4d4 Rc1xc5
38.Ng3e4 Rc5a5
39.a4 Kg6
40.Kf3 Kf5
41.Rd4c4 Ra5a8
42.Rc4c5 Ra8f8
43.Rc5c8 Rf8xc8
44.Ne4d6 Ke6
45.Nd6xc8 Kd7
46.Nc8a7 Nd5c3
47.a5 Kc7
48.a6 Kb6
49.Na7c8 Kxa6
50.Nc8e7 Kb7
51.Ne7f5 g6
52.Nf5xh6 Kc6
53.Nh6f7 Kd5
54.Nf7h8 g5
55.Nh8f7 Nc3e4
56.h3 Kd4
57.Kg2 Kd5
58.f3 Ne4c3
59.Nf7xg5 Ke5
60.h4 Nc3e2
61.Ng5h3 { resign }
1-0

[Event "Tourn. n9617"]
[Site "www.chess-mail.com"]
[Date "2018.01.05"]
[Round "1"]
[White "Rons"]
[Black "Seger"]
[WhiteElo "2660"]
[BlackElo "2770"]
[Result "1/2-1/2"]
[Round "1"]
1.e4 c5
2.Ng1f3 e6
3.d4 d5
4.exd5 exd5
5.Bf1b5 Nb8c6
6.Nb1c3 Ng8f6
7.O-O Bc8g4
8.Bc1g5 Bf8e7
9.Bg5xf6 Be7xf6
10.Rf1e1 Bg4e6
11.dxc5 O-O
12.Qd1d2 Ra8c8
13.Ra1d1 Qd8a5
14.a4 Bf6xc3
15.bxc3 Be6g4
16.Qd2f4 Bg4xf3
17.Qf4xf3 a6
18.Bb5d3 Qa5xa4
19.Rd1a1 Qa4h4
20.Qf3xd5 Qh4f6
21.Re1e3 g6
22.Ra1e1 Rc8c7
23.Qd5b3 Rf8d8
24.Qb3b6 Rd8d7
25.h3 Kg7
26.Bd3e4 Rd7e7
27.Re1b1 a5
28.Rb1a1 h5
29.Ra1b1 Rc7c8
30.Qb6b5 Re7e5
31.Rb1e1 Nc6e7
32.Qb5xa5 Ne7f5
33.Be4xf5 Re5xf5
34.Re1e2 Rc8xc5
35.Qa5b4 Rf5d5
{ draw }
1/2-1/2

[Event "Tourn. n9656"]
[Site "www.chess-mail.com"]
[Date "2018.01.05"]
[Round "1"]
[White "Begory"]
[Black "Pariolinius"]
[WhiteElo "1570"]
[BlackElo "1670"]
[Result "0-1"]
[Round "1"]
1.d4 d5
2.Bc1f4 Ng8f6
3.Nb1c3 Bc8f5
4.Nc3b5 Nb8a6
5.e3 c6
6.Nb5c3 Na6b4
7.Bf1d3 Nb4xd3
8.Qd1xd3 Bf5xd3
9.cxd3 e6
10.Ng1f3 Bf8b4
11.O-O Bb4xc3
12.bxc3 Nf6h5
13.Ra1b1 Nh5xf4
14.exf4 Qd8c7
15.g3 h6
16.Nf3e5 O-O
17.Rb1b3 Ra8b8
18.Rf1b1 b6
19.a4 Kh7
20.Rb1e1 Rf8e8
21.Ne5f3 f6
22.c4 dxc4
23.dxc4 e5
24.fxe5 fxe5
25.Nf3xe5 Re8e7
26.Re1b1 Re7xe5
27.dxe5 Qc7xe5
28.Rb3e3 Qe5f5
29.Rb1e1 Rb8f8
30.f4 Qf5c5
31.Kg2 Qc5xc4
32.Re3e4 Qc4c2
33.Re1e2 Qc2c5
34.Re4e7 Qc5d5
35.Kh3 Qd5h5
36.Kg2 a6
37.Re7c7 Qh5xe2
{ resign }
0-1

[Event "Tourn. n9607"]
[Site "www.chess-mail.com"]
[Date "2018.01.05"]
[Round "1"]
[White "Julian"]
[Black "Cal"]
[WhiteElo "1630"]
[BlackElo "1670"]
[Result "1-0"]
[Round "1"]
1.e4 e5
2.Ng1f3 d6
3.d4 a6
4.dxe5 Bc8e6
5.c4 Nb8c6
6.exd6 cxd6
7.Nb1c3 h6
8.Bf1e2 b6
9.O-O a5
10.Nc3d5 Bf8e7
11.Nd5xe7 Ng8xe7
12.Bc1f4 O-O
13.Qd1d2 Be6g4
14.h3 Bg4xf3
15.Be2xf3 f6
16.Rf1d1 Ne7c8
17.Qd2d5 Kh8
18.Qd5xc6 Ra8a7
19.e5 fxe5
20.Bf4xe5 Ra7d7
21.Be5c3 Rd7c7
22.Qc6d5 Nc8e7
23.Qd5xd6 Qd8c8
24.Qd6xh6 Kg8
25.Qh6xg7 { resign }
1-0

[Event "Tourn. n9631"]
[Site "www.chess-mail.com"]
[Date "2018.01.05"]
[Round "1"]
[White "Azulmarino"]
[Black "Picifarkinca"]
[WhiteElo "1670"]
[BlackElo "1620"]
[Result "0-1"]
[Round "1"]
1.e4 c6
2.Nb1c3 d5
3.Bf1e2 d4
4.Nc3a4 e5
5.Ng1f3 Bf8d6
6.Be2c4 b5
7.Bc4b3 bxa4
8.d3 axb3
9.cxb3 Bc8g4
10.h3 Bg4h5
11.g4 Bh5g6
12.Nf3g5 Nb8d7
13.Ng5f3 f6
14.a3 Bg6f7
15.Nf3h4 Ra8b8
16.Nh4f5 Bd6f8
17.h4 Bf7xb3
18.Qd1e2 Ng8e7
19.Nf5xe7 Bf8xe7
20.O-O O-O
21.Bc1d2 Bb3f7
{ resign }
0-1

[Event "Match"]
[Site "www.echecsemail.com"]
[Date "2018.01.05"]
[Round "1"]
[White "Mitja"]
[Black "Ssharp"]
[WhiteElo "2040"]
[BlackElo "2270"]
[Result "0-1"]
[Round "1"]
1.d4 d5
2.e3 Ng8f6
3.h3 Bc8f5
4.c3 e6
5.Ng1f3 Nb8d7
6.Nb1d2 c5
7.dxc5 Bf8xc5
8.Nd2b3 Bc5b6
9.Nf3d4 Bf5g6
10.Bf1e2 O-O
11.O-O e5
12.Nd4f3 h6
13.Nb3d2 Ra8c8
14.Rf1e1 a6
15.Nd2b3 Rf8e8
16.Nf3h2 Nd7f8
17.Nh2g4 Nf6xg4
18.Be2xg4 Rc8c6
19.Bg4f3 e4
20.Bf3h5 Qd8g5
21.Bh5xg6 Rc6xg6
22.g3 Bb6c7
23.Qd1g4 Qg5d8
24.Qg4e2 Qd8h4
25.Kh2 Bc7xg3
26.fxg3 Qh4xg3
27.Kh1 Qg3xh3
28.Qe2h2 Qh3f3
{ resign }
0-1

[Event "Match"]
[Site "www.echecsemail.com"]
[Date "2018.01.05"]
[Round "1"]
[White "Pinehill"]
[Black "Darknight"]
[WhiteElo "2070"]
[BlackElo "1800"]
[Result "1-0"]
[Round "1"]
1.e4 e5
2.d4 exd4
3.Bf1c4 Nb8c6
4.Ng1f3 Bf8c5
5.O-O h6
6.c3 a6
7.cxd4 Bc5a7
8.Nb1c3 d6
9.Qd1b3 Qd8e7
10.Bc1e3 g5
11.h3 b5
12.Bc4d5 Bc8b7
13.Nf3d2 Rh8h7
14.Qb3c2 O-O-O
15.a4 Ng8f6
16.axb5 axb5
17.Bd5xc6 Ba7b6
18.Nc3xb5 Nf6d7
19.Bc6xb7 Kxb7
20.d5 Nd7c5
21.Be3xc5 dxc5
22.Nd2c4 Rh7g7
23.d6 cxd6
24.Qc2a4 Rg7g6
25.Qa4a6 Kc6
26.Qa6xb6 Kd7
27.Ra1a7 Ke6
28.Ra7xe7 Kxe7
29.f4 g4
30.f5 Rg6f6
31.Nb5c7 Rd8g8
32.Nc7d5 { resign }
1-0

[Event "Match"]
[Site "www.echecsemail.com"]
[Date "2018.01.05"]
[Round "1"]
[White "Whitekknight"]
[Black "Begory"]
[WhiteElo "1990"]
[BlackElo "1580"]
[Result "1-0"]
[Round "1"]
1.d4 d5
2.e4 Ng8f6
3.e5 Nf6d7
4.Nb1c3 Nb8c6
5.Ng1f3 e6
6.Bc1e3 Bf8b4
7.Qd1d3 O-O
8.O-O-O f6
9.a3 fxe5
10.axb4 exd4
11.Nf3xd4 Nc6xd4
12.Be3xd4 e5
13.Bd4c5 Nd7xc5
14.bxc5 d4
15.Qd3c4 Kh8
16.Nc3e4 Rf8xf2
17.Ne4xf2 c6
18.Bf1d3 Qd8g5
19.Kb1 Qg5xg2
20.Rd1f1 Qg2g5
21.Nf2e4 Qg5e7
22.Ne4d6 Bc8e6
23.Qc4b4 b6
24.cxb6 axb6
25.Nd6f7 { resign }
1-0

[Event "Match"]
[Site "www.echecsemail.com"]
[Date "2018.01.05"]
[Round "1"]
[White "Begory"]
[Black "Sonny1000"]
[WhiteElo "1570"]
[BlackElo "1550"]
[Result "1-0"]
[Round "1"]
1.d4 d5
2.Bc1f4 h6
3.Nb1c3 Nb8c6
4.Nc3b5 Bc8f5
5.Nb5xc7 Kd7
6.Nc7xa8 Qd8xa8
7.e3 a6
8.a3 a5
9.Ng1f3 Ng8f6
10.Bf1d3 Bf5xd3
11.Qd1xd3 Nf6e4
12.Nf3d2 Ne4xd2
13.Qd3xd2 g5
14.Bf4g3 h5
15.h3 h4
16.Bg3h2 e6
17.O-O Rh8g8
18.Rf1e1 Qa8a6
19.Qd2d3 Qa6xd3
20.cxd3 f5
21.Ra1b1 Bf8h6
22.e4 Nc6xd4
23.b3 Nd4c2
24.Re1c1 Nc2xa3
25.Rc1c7 Kd8
26.Rb1c1 Rg8e8
27.Rc7xb7 Na3b5
28.Rb7xb5 Ke7
29.exf5 g4
30.hxg4 Bh6xc1
31.Rb5xa5 Re8b8
32.Bh2xb8 d4
33.Bb8e5 Bc1d2
34.Ra5a7 Kd8
35.fxe6 Bd2b4
36.Be5f6 Bb4e7
37.Bf6xe7 Ke8
38.Be7xh4 Kf8
39.e7 Ke8
40.g5 Kf7
41.b4 Kg6
42.e8Q Kf5
43.Qe8e4 { resign }
1-0

[Event "Match"]
[Site "www.echecsemail.com"]
[Date "2018.01.05"]
[Round "1"]
[White "Billyg"]
[Black "Redapond1"]
[WhiteElo "1770"]
[BlackElo "1670"]
[Result "0-1"]
[Round "1"]
1.e4 e5
2.Ng1f3 Nb8c6
3.Bf1b5 f6
4.O-O Bf8c5
5.d3 Ng8e7
6.Nb1c3 O-O
7.Bb5c4 Kh8
8.Nc3d5 Ne7xd5
9.Bc4xd5 d6
10.Bc1d2 Bc8g4
11.h3 Bg4h5
12.Qd1e1 Bh5xf3
13.gxf3 f5
14.a3 Qd8h4
15.Kh2 Rf8f6
16.c3 f4
17.b4 Rf6h6
18.Bd5e6 Rh6xe6
19.bxc5 Re6h6
{ resign }
0-1

[Event "Match"]
[Site "www.echecsemail.com"]
[Date "2018.01.05"]
[Round "1"]
[White "Traub"]
[Black "Mozgegorov"]
[WhiteElo "1410"]
[BlackElo "999"]
[Result "1-0"]
[Round "1"]
1.Ng1f3 d5
2.c4 d4
3.d3 Nb8c6
4.g3 e5
5.Bf1g2 Ng8f6
6.Bc1g5 Bf8e7
7.O-O h6
8.Bg5xf6 Be7xf6
9.Nb1d2 Bc8f5
10.a3 Qd8d7
11.b4 O-O
12.Nd2b3 Bf5h3
13.Nb3c5 Qd7c8
14.e3 Bh3xg2
15.Kxg2 b6
16.Nc5e4 Qc8f5
17.Ne4xf6 Qf5xf6
18.b5 Nc6e7
19.Qd1b3 c5
20.bxc6 Ne7xc6
21.Ra1c1 Rf8e8
22.c5 Nc6a5
23.Qb3b5 Na5b7
24.cxb6 axb6
25.Rc1c6 Re8e6
26.Rc6xe6 Qf6xe6
27.a4 Nb7c5
28.exd4 exd4
29.Rf1e1 Qe6f6
30.Re1e8 Ra8xe8
31.Qb5xe8 Kh7
32.Nf3e5 Nc5xa4
33.Ne5d7 Qf6c6
34.f3 Qc6c2
35.Kh3 Qc2xd3
36.Qe8xf7 Kh8
37.Nd7e5 Qd3c2
38.Ne5g6 Kh7
39.Ng6e7 Qc2c8
40.Ne7xc8 { resign }
1-0

[Event "1/32 Finale"]
[Site "www.chess-mail.com"]
[Date "2018.01.05"]
[Round "1"]
[White "Julian"]
[Black "Szustan"]
[WhiteElo "1670"]
[BlackElo "2510"]
[Result "0-1"]
[Round "1"]
1.e4 e5
2.Ng1f3 Nb8c6
3.Bf1b5 a6
4.Bb5a4 Ng8f6
5.d3 d6
6.O-O b5
7.Ba4b3 Nc6a5
8.c3 Na5xb3
9.axb3 g6
10.Bc1g5 Bf8g7
11.Nb1d2 h6
12.Bg5e3 O-O
13.d4 exd4
14.Nf3xd4 Bc8b7
15.f3 c5
16.Nd4c2 Rf8e8
17.Be3f2 d5
18.exd5 Qd8xd5
19.Nc2e3 Qd5c6
20.Qd1c2 h5
21.Ra1d1 Re8e6
22.Nd2e4 Nf6xe4
23.fxe4 c4
24.Ne3d5 Ra8e8
25.Bf2d4 Re6xe4
26.Nd5b4 Qc6e6
27.Bd4xg7 Re4e2
28.Bg7d4 cxb3
29.Qc2d3 Re2xg2
{ resign }
0-1

[Event "1/128 Finale"]
[Site "www.chess-mail.com"]
[Date "2018.01.05"]
[Round "1"]
[White "Sahlapalat"]
[Black "Nulladies"]
[WhiteElo "1870"]
[BlackElo "1860"]
[Result "1-0"]
[Round "1"]
1.d4 Ng8f6
2.c4 e6
3.Nb1c3 Bf8b4
4.e3 Bb4xc3
5.bxc3 O-O
6.Bf1d3 Nb8a6
7.e4 d5
8.e5 Nf6e4
9.Bd3xe4 dxe4
10.Ng1e2 c5
11.O-O b6
12.Ne2g3 Bc8b7
13.Rf1e1 f5
14.exf6 Qd8xf6
15.Bc1e3 Ra8d8
16.Qd1g4 g6
17.Ng3xe4 Qf6f5
18.Qg4xf5 Rf8xf5
19.Ne4g5 cxd4
20.cxd4 e5
21.d5 Na6c5
22.g4 Rf5f6
23.Be3xc5 bxc5
24.Re1xe5 h6
25.Ng5e6 Rf6f4
26.Ne6xf4 Bb7a6
27.Ra1c1 Kf7
28.Re5e6 g5
29.Re6xa6 { resign }
1-0

[Event "Tourn. n9684"]
[Site "www.chess-mail.com"]
[Date "2018.01.06"]
[Round "1"]
[White "Falcoale"]
[Black "Bojan"]
[WhiteElo "1890"]
[BlackElo "1960"]
[Result "0-1"]
[Round "1"]
1.e4 g6
2.Ng1f3 Bf8g7
3.d4 d6
4.Bf1d3 a6
5.O-O c6
6.Bc1g5 Qd8c7
7.h3 Nb8d7
8.c3 Ng8f6
9.Qd1c1 e5
10.dxe5 Nd7xe5
11.Nf3xe5 dxe5
12.Bg5h6 O-O
13.Bh6xg7 Kxg7
14.Nb1d2 Nf6h5
15.Nd2c4 b5
16.Nc4d2 Qc7e7
17.Nd2f3 Nh5f4
18.Qc1c2 Rf8d8
19.Nf3h2 Qe7g5
20.f3 Bc8xh3
21.Rf1f2 Rd8xd3
22.g4 Ra8d8
23.Ra1e1 Rd3d6
24.Rf2f1 Rd6d2
25.Qc2b1 Nf4e2
26.Re1xe2 Rd2xe2
27.Rf1e1 Qg5e3
{ resign }
0-1

[Event "Tourn. n9640"]
[Site "www.chess-mail.com"]
[Date "2018.01.06"]
[Round "1"]
[White "Vios"]
[Black "Karousek"]
[WhiteElo "2250"]
[BlackElo "2170"]
[Result "1/2-1/2"]
[Round "1"]
1.e4 c5
2.Nb1c3 a6
3.a4 b6
4.Ng1f3 Bc8b7
5.d4 cxd4
6.Nf3xd4 d6
7.Bf1c4 Qd8c7
8.Bc4b3 Ng8f6
9.O-O e6
10.Rf1e1 Nb8d7
11.Bc1g5 Nd7c5
12.Bg5xf6 gxf6
13.Bb3d5 Rh8g8
14.Bd5xb7 Qc7xb7
15.g3 O-O-O
16.b4 Nc5d7
17.Qd1e2 Kb8
18.b5 { draw }
1/2-1/2

[Event "Tourn. n9654"]
[Site "www.chess-mail.com"]
[Date "2018.01.06"]
[Round "1"]
[White "Add"]
[Black "Aniruddhadg"]
[WhiteElo "2160"]
[BlackElo "2039"]
[Result "0-1"]
[Round "1"]
1.c4 e5
2.e4 Nb8c6
3.Nb1c3 Bf8c5
4.Ng1f3 d6
5.d3 Ng8e7
6.h3 O-O
7.a3 a5
8.Bc1g5 f6
9.Bg5d2 Nc6d4
10.Nf3xd4 Bc5xd4
11.Ra1b1 f5
12.Bd2e3 Bd4xe3
13.fxe3 fxe4
14.dxe4 Ne7c6
15.Bf1e2 Bc8e6
16.Nc3d5 a4
17.Be2f3 Nc6a5
18.Qd1xa4 Qd8h4
19.Ke2 c6
20.Qa4b4 cxd5
21.cxd5 Be6d7
22.b3 b6
23.Rb1c1 Qh4g3
24.Rh1f1 Bd7c8
25.Rf1f2 Bc8a6
26.Ke1 Rf8xf3
27.Rc1c2 Rf3xf2
28.Rc2xf2 Ra8c8
29.Qb4d2 Na5xb3
30.Qd2b2 Qg3xe3
{ resign }
0-1

[Event "Tourn. n9491"]
[Site "www.chess-mail.com"]
[Date "2018.01.06"]
[Round "1"]
[White "Vinvangogh"]
[Black "Luizassis"]
[WhiteElo "1180"]
[BlackElo "1210"]
[Result "1-0"]
[Round "1"]
1.e4 e5
2.Nb1c3 Bf8b4
3.Bf1c4 Bb4xc3
4.bxc3 Ng8f6
5.Ng1f3 Nf6xe4
6.Bc4xf7 Kxf7
7.Nf3xe5 Kf6
8.Qd1g4 d6
9.d4 Bc8xg4
10.Ne5xg4 Kf7
11.O-O Ne4xc3
12.Rf1e1 Rh8e8
13.Bc1d2 Re8xe1
14.Bd2xe1 Nc3e2
15.Kf1 Ne2xd4
16.Ra1c1 Qd8g5
17.Ng4e3 Nb8c6
18.Rc1d1 Ra8e8
{ time. }
1-0

[Event "Tourn. n9628"]
[Site "www.chess-mail.com"]
[Date "2018.01.06"]
[Round "1"]
[White "Guidom"]
[Black "Andychesston"]
[WhiteElo "2170"]
[BlackElo "2000"]
[Result "1-0"]
[Round "1"]
1.e4 e5
2.Ng1f3 Nb8c6
3.Bf1b5 d6
4.O-O Bc8g4
5.d3 Ng8f6
6.h3 Bg4h5
7.Nb1c3 a6
8.Bb5a4 b5
9.Ba4b3 Nc6d4
10.Bc1g5 Nd4xf3
11.gxf3 h6
12.Bg5h4 g5
13.Bh4g3 c6
14.Kg2 Bf8g7
15.d4 Nf6d7
16.dxe5 Bg7xe5
17.Ra1b1 Nd7c5
18.Qd1e2 Nc5xb3
19.axb3 b4
20.Nc3d1 O-O
21.Nd1e3 Bh5g6
22.Ne3c4 Qd8c7
23.Bg3xe5 dxe5
24.Rb1d1 Ra8d8
25.Qe2e3 Rd8xd1
26.Rf1xd1 f6
27.Qe3c5 Rf8d8
28.Rd1xd8 Qc7xd8
29.Qc5xc6 Kg7
30.Qc6xa6 Qd8d1
31.Nc4e3 Qd1d4
32.Qa6c4 Qd4xb2
33.Qc4xb4 h5
34.Qb4e7 Bg6f7
35.b4 Qb2a3
36.Ne3f5 { resign }
1-0

[Event "Match"]
[Site "www.echecsemail.com"]
[Date "2018.01.06"]
[Round "1"]
[White "Rindrandria"]
[Black "Ranjachess"]
[WhiteElo "1840"]
[BlackElo "1780"]
[Result "0-1"]
[Round "1"]
1.Ng1f3 Ng8f6
2.c4 d6
3.Qd1b3 e5
4.d4 Nb8c6
5.d5 Nc6d4
6.Nf3xd4 exd4
7.Nb1d2 Qd8e7
8.Qb3b5 Nf6d7
9.Nd2f3 d3
10.Bc1e3 a6
11.Qb5b3 Nd7c5
12.Be3xc5 dxe2
13.Bf1xe2 dxc5
14.O-O b6
15.Ra1e1 Qe7d6
16.Nf3g5 g6
17.Be2g4 Bf8e7
18.Bg4xc8 Ra8xc8
19.Ng5e4 Qd6f4
20.d6 cxd6
21.Qb3xb6 O-O
22.g3 Qf4f5
23.Ne4xd6 Be7xd6
24.Qb6xd6 Qf5c2
25.Qd6xa6 Qc2xb2
26.a4 Rc8a8
27.Qa6b5 Qb2b4
28.Re1a1 Rf8b8
29.Qb5c6 Qb4xc4
30.Rf1c1 Rb8c8
31.Qc6xa8 Qc4xc1
32.Ra1xc1 Rc8xa8
33.Rc1c4 f5
34.h4 Kf7
35.Rc4f4 Kf6
36.g4 h6
37.h5 g5
38.Rf4xf5 Kg7
39.Rf5xc5 Ra8xa4
40.Kg2 Ra4xg4
41.Kh3 Rg4h4
42.Kg3 Rh4xh5
43.f4 gxf4
44.Kxf4 Rh5xc5
45.Kg4 Kf6
46.Kh4 Rc5c1
47.Kh5 Rc1g1
48.Kxh6 Rg1h1

0-1

[Event "Match"]
[Site "www.echecsemail.com"]
[Date "2018.01.06"]
[Round "1"]
[White "Billyg"]
[Black "Rosario"]
[WhiteElo "1770"]
[BlackElo "1499"]
[Result "1-0"]
[Round "1"]
1.e4 e5
2.Ng1f3 d6
3.h3 h6
4.d4 f6
5.Nb1c3 g5
6.Nc3d5 Bf8g7
7.dxe5 dxe5
8.g4 a6
9.c3 Bc8e6
10.Nd5b4 Qd8xd1
11.Kxd1 Nb8c6
12.Nb4xc6 bxc6
13.Bf1d3 Ng8e7
14.h4 Be6xg4
15.Bd3e2  { time }
1-0

[Event "1/8 Finale"]
[Site "www.chess-mail.com"]
[Date "2018.01.06"]
[Round "1"]
[White "Paulsyd"]
[Black "Seger"]
[WhiteElo "2410"]
[BlackElo "2690"]
[Result "1/2-1/2"]
[Round "1"]
1.e4 Nb8c6
2.d4 d5
3.e5 Bc8f5
4.c3 e6
5.Nb1d2 f6
6.f4 g5
7.Bf1b5 gxf4
8.Bb5xc6 bxc6
9.Nd2f3 fxe5
10.dxe5 Ng8e7
11.Ng1e2 Ne7g6
12.O-O Bf8h6
13.Nf3d4 Bf5g4
14.h3 Bg4xe2
15.Qd1xe2 Qd8d7
16.Qe2h5 Bh6g7
17.Bc1xf4 O-O
18.Bf4g3 c5
19.Nd4f3 Rf8f5
20.Nf3g5 Bg7xe5
21.Rf1xf5 exf5
22.Bg3xe5 Ng6xe5
23.Ra1e1 Ne5g6
24.Ng5f3 Kh8
25.Nf3e5 Qd7e6
26.Ne5xg6 Qe6xg6
27.Qh5e2 Qg6f6
28.Qe2e5 Qf6xe5
29.Re1xe5 c6
30.Re5xf5 c4
{ draw }
1/2-1/2

[Event "1/128 Finale"]
[Site "www.chess-mail.com"]
[Date "2018.01.06"]
[Round "1"]
[White "Gvladutz"]
[Black "Bojan"]
[WhiteElo "2480"]
[BlackElo "1950"]
[Result "1-0"]
[Round "1"]
1.e4 e5
2.Ng1f3 Nb8c6
3.Bf1b5 Qd8f6
4.Nb1c3 Nc6d4
5.Nf3xd4 exd4
6.Nc3d5 Qf6d6
7.d3 c6
8.Bc1f4 Qd6g6
9.Nd5c7 Kd8
10.Nc7xa8 Qg6xg2
11.Qd1h5 Bf8b4
12.Ke2 Ng8f6
13.Bf4c7 Ke8
14.Qh5e5 Kf8
15.Bc7d6 Bb4xd6
16.Qe5xd6 Ke8
17.Rh1g1 Qg2h3
18.Rg1xg7 Qh3h6
19.Ra1g1 cxb5
20.Rg1g5 Nf6g4
21.Rg7g8 { resign }
1-0

[Event "Tourn. n9664"]
[Site "www.chess-mail.com"]
[Date "2018.01.07"]
[Round "1"]
[White "Bojan"]
[Black "Francesco"]
[WhiteElo "2100"]
[BlackElo "2130"]
[Result "1-0"]
[Round "1"]
1.e4 c6
2.d4 d5
3.exd5 cxd5
4.Nb1c3 Bc8f5
5.Bc1f4 e6
6.Ng1f3 Ng8f6
7.Nf3h4 Bf5g4
8.f3 Bg4h5
9.g3 Bf8b4
10.Bf4g5 Bb4xc3
11.bxc3 Nb8d7
12.g4 Bh5g6
13.Ra1b1 b6
14.f4 Bg6e4
15.Rh1g1 Qd8c7
16.Bf1b5 Qc7xc3
17.Ke2 Qc3xc2
18.Qd1xc2 Be4xc2
19.Rb1c1 Bc2e4
20.Bg5xf6 gxf6
21.Rc1c7 Ra8d8
22.Rc7xa7 Ke7
23.Rg1c1 Rh8g8
24.h3 Kd6
25.Rc1c6 Ke7
26.Rc6xb6 Rd8c8
27.Ra7xd7 Kf8
28.Bb5c6 Kg7
29.f5 exf5
30.Nh4xf5 Be4xf5
31.gxf5 Kh6
32.Bc6xd5 Rc8c2
33.Kd3 Rc2xa2
34.Bd5xa2 { resign }
1-0

[Event "Tourn. n9584"]
[Site "www.chess-mail.com"]
[Date "2018.01.07"]
[Round "1"]
[White "Szustan"]
[Black "Tartan"]
[WhiteElo "2490"]
[BlackElo "2570"]
[Result "1-0"]
[Round "1"]
1.e4 e6
2.d4 d5
3.Nb1c3 Bf8b4
4.e5 Qd8d7
5.a3 Bb4xc3
6.bxc3 b6
7.Ng1f3 Ng8e7
8.a4 Bc8a6
9.Bf1xa6 Nb8xa6
10.Qd1d3 Na6b8
11.O-O Nb8c6
12.c4 O-O
13.cxd5 exd5
14.h3 Ne7g6
15.Rf1e1 Nc6a5
16.Nf3g5 Na5c4
17.f4 h6
18.Ng5f3 Ng6e7
19.g4 c5
20.f5 Rf8e8
21.c3 Ra8d8
22.f6 Ne7g6
23.fxg7 Kxg7
24.Ra1a2 Rd8c8
25.Ra2f2 cxd4
26.cxd4  { time }
1-0

[Event "Tourn. n9600"]
[Site "www.chess-mail.com"]
[Date "2018.01.07"]
[Round "1"]
[White "Szustan"]
[Black "Tartan"]
[WhiteElo "2510"]
[BlackElo "2580"]
[Result "1-0"]
[Round "1"]
1.e4 c5
2.c3 Ng8f6
3.e5 Nf6d5
4.d4 cxd4
5.Ng1f3 Nb8c6
6.Bf1c4 Nd5b6
7.Bc4b3 d5
8.exd6 Qd8xd6
9.O-O Bc8e6
10.Bb3xe6 Qd6xe6
11.Nf3xd4 Nc6xd4
12.Qd1xd4 Ra8d8
13.Qd4f4 g6
14.Nb1d2 Bf8g7
15.Nd2f3 O-O
16.Rf1e1 Qe6c6
17.Bc1e3 Nb6d5
18.Qf4e4 a6
19.Ra1d1 e6
20.Be3d4 Qc6c4
21.h4 Qc4xa2
22.Bd4xg7 Kxg7
23.h5 Qa2xb2
24.Qe4e5 { resign }
1-0

[Event "Tourn. n9624"]
[Site "www.chess-mail.com"]
[Date "2018.01.07"]
[Round "1"]
[White "Tartan"]
[Black "Marbachess"]
[WhiteElo "2570"]
[BlackElo "2570"]
[Result "0-1"]
[Round "1"]
1.e4 e6
2.d4 d5
3.Nb1c3 Bf8b4
4.e5 c5
5.a3 Bb4a5
6.b4 cxd4
7.Qd1g4 g6
8.Nc3b5 Ba5c7
9.Bc1g5 Qd8d7
10.Ng1f3 Nb8c6
11.Nb5xc7 Qd7xc7
12.Bf1b5 Bc8d7
13.Bb5xc6 Bd7xc6
14.O-O h6
15.Qg4h4 Bc6a4
{ resign }
0-1

[Event "Tourn. n9605"]
[Site "www.chess-mail.com"]
[Date "2018.01.07"]
[Round "1"]
[White "Sorim"]
[Black "Falcoale"]
[WhiteElo "2070"]
[BlackElo "2000"]
[Result "1-0"]
[Round "1"]
1.d4 Ng8f6
2.Nb1c3 b6
3.e4 Bc8b7
4.f3 e6
5.Bf1d3 c5
6.Ng1e2 Nb8c6
7.Bc1e3 cxd4
8.Ne2xd4 Nc6xd4
9.Be3xd4 Bf8e7
10.O-O O-O
11.Ra1c1 d5
12.exd5 Nf6xd5
13.Nc3xd5 Bb7xd5
14.Bd4e3 Be7f6
15.b3 Qd8b8
16.c4 Bd5b7
17.Qd1c2 h6
18.Rf1d1 Rf8c8
19.Be3f2 Qb8c7
20.Bf2g3 Qc7e7
21.Bd3h7 Kh8
22.Bg3d6 Qe7e8
23.Bh7e4 Bb7xe4
24.Qc2xe4 Rc8c6
25.c5 Ra8d8
26.b4 bxc5
27.bxc5 Rd8c8
28.Qe4a4 a6
29.Rc1b1 Bf6e7
30.Rb1b7 Be7xd6
31.cxd6 Qe8d8
32.d7 { resign }
1-0

[Event "Tourn. n9668"]
[Site "www.chess-mail.com"]
[Date "2018.01.07"]
[Round "1"]
[White "Geretree"]
[Black "Falcoale"]
[WhiteElo "1960"]
[BlackElo "1860"]
[Result "0-1"]
[Round "1"]
1.e4 c5
2.Ng1f3 Nb8c6
3.d4 cxd4
4.Nf3xd4 e6
5.Nd4xc6 bxc6
6.Nb1c3 Bc8b7
7.Bc1e3 Ng8f6
8.Bf1d3 Ra8c8
9.Be3xa7 c5
10.O-O Rc8a8
11.e5 Nf6d5
12.Nc3b5 Nd5f4
 { time }
0-1

[Event "Tourn. n9639"]
[Site "www.chess-mail.com"]
[Date "2018.01.07"]
[Round "1"]
[White "Redapond1"]
[Black "Rosario"]
[WhiteElo "1680"]
[BlackElo "1499"]
[Result "1-0"]
[Round "1"]
1.d4 d5
2.Bc1f4 Nb8c6
3.Nb1c3 a6
4.Ng1f3 g6
5.e3 Ng8f6
6.Bf1d3 Bf8g7
7.O-O Bc8g4
8.h3 Bg4xf3
9.Qd1xf3 O-O
10.Bf4g5 Nf6d7
11.Qf3xd5 Bg7f6
12.Bg5xf6 Nd7xf6
13.Qd5f3  { time }
1-0